000 00285nam a22001337a 4500
008 181011b xxu||||| |||| 00| 0 eng d
020 _a9780415900959
041 _aeng
080 _a101
100 _a24
101 _aFIL
245 _aNietzsche's Case
_cMagnus, B
942 _2udc
_cBK
999 _c49423
_d49423